Stations du tramway de Brest sur une carte - Statistiques

Statistiques générales
  • Ce quiz a été pris 510 fois
    141 depuis la dernière actualisation
  • Le résultat moyen est 22 sur 41
Réponses sur la Carte
Les réponses sont colorées sur une échelle allant du rouge au vert en fonction du pourcentage des utilisateurs qui les ont devinées à leur premier essai. Vous pouvez retrouver ces pourcentages ci-dessous.
 
Statistiques - réponses
Ligne Arrêt % Correct
A Liberté
94%
B Liberté
94%
Branche Gouesnou Branche {Gouesnou}
91%
Branche Gouesnou Porte de Gouesnou
91%
A Siam
90%
Branche Guipavas Branche {Guipavas}
89%
A Jean Jaurès
89%
Branche Guipavas Porte de Guipavas
89%
A Porte de Plouzané
89%
A Place de Strasbourg
86%
A Château
76%
A Recouvrance
76%
A Octroi
71%
A Pilier Rouge
67%
A Les Capucins
64%
A Pontanézen
62%
A Saint-Martin
60%
A Europe
59%
B CHU La Cavale
57%
B Université
50%
A Mac Orlan
48%
A Dupuy de Lôme
47%
B Gares
47%
A Menez Paul
47%
Branche Gouesnou Kergaradec
43%
Branche Guipavas Eau Blanche
42%
A Fort Montbarey
39%
B CHU Morvan
38%
A Polygone
38%
B Albert 1er
35%
A Vali Hir
35%
B Patinoire
33%
A Saint-Exupéry
33%
Branche Guipavas Kerlaurent
24%
Branche Gouesnou Mesmerrien
24%
A Keranroux
23%
A Coat Tan
20%
B Yves Le Gallo - Cité U
20%
B Kergoat
18%
B Le Bergot
16%
B Rives de Penfeld
16%
Aucun quiz correspondant
Distribution des résultats
% des personnes avec chaque résultat
Percentile par nombre de réponses
Votre historique - résultats
Vous n’avez pas pris ce quiz depuis la dernière actualisation